| 000 | 00947nam a2200289 a 4500 | ||
|---|---|---|---|
| 001 | 75203 | ||
| 003 | BD-RjUL | ||
| 005 | 20211209082647.0 | ||
| 008 | 190131s1965 stka b 000 0 eng d | ||
| 035 |
_a(CStRLIN)NYCX86-B116901 _z(CStRLIN)NYCX86B116901 |
||
| 035 | _a(CaOTULAS)150038457 | ||
| 035 | _a(BD-RjUL)75421 | ||
| 040 |
_cNDeUA _dOClW-H _dOCoLC _dm.c. _dCU-SB _dCStRLIN _dNIC _aBD-RjUL _beng |
||
| 041 | _aeng | ||
| 060 | _aQL 610 B276b 1965 | ||
| 082 |
_223 _a596 _bBAB 1965 |
||
| 100 | 1 |
_aBarrington, E. J. W. _q(Ernest James William) _9227562 |
|
| 245 | 1 | 4 |
_aThe biology of Hemichordata and Protochordata / _cE.J.W. Barrington. |
| 260 | 0 |
_aEdinburgh : _bOliver & Boyd, _c1965. |
|
| 300 |
_avi, 176 p. : _bill. ; _c22 cm. |
||
| 500 | _aUniversity reviews in biology ; v. 2 | ||
| 504 | _aBibliography: p. 168-174. | ||
| 650 | 0 |
_aHemichordata. _9216351 |
|
| 650 | 0 |
_aTunicata. _9216352 |
|
| 650 | 0 |
_aAmphioxus. _9216353 |
|
| 942 |
_2ddc _cBK |
||
| 999 |
_c75203 _d75203 |
||